Statistics for List of mayors of Istanbul.

Click here to take the quiz!

General Stats

  • This quiz has been taken 13 times
  • The average score is 8 of 29

Answer Stats

TimelinePartyAnswer% Correct
1994 - 1998RP and FPRecep Tayyip Erdoğan
100%
2019 -CHPEkrem İmamoğlu
82%
2019 - 2019CHPEkrem İmamoğlu
82%
2004 - 2017AKPKadir Topbaş
64%
2017 - 2019AKPMevlüt Uysal
55%
1998 - 2004FP and IndependentAli Müfit Gürtüna
45%
1984 - 1989ANAPBedrettin Dalan
45%
1989 - 1994CHPNurettin Sözen
45%
1977 - 1980CHPAytekin Kotil
36%
2019 - 2019IndependentAli Yerlikaya
27%
1938 - 1949CHPLütfi Kırdar
27%
1973 - 1977CHPAhmet İsvan
18%
1949 - 1957IndependentFahrettin Kerim Gökay
18%
1963 - 1968CHPHaşim İşcan
18%
1957 - 1958DPMümtaz Tarhan
18%
1982 - 1984MilitaryAbdullah Tırtıl
9%
1981 - 1982MilitaryEcmel Kutay
9%
1924 - 1928CHPEmin Erkul
9%
1958 - 1958DPEthem Yetkiner
9%
1968 - 1973APFahri Atabey
9%
1923 - 1924CHPHaydar Yuluğ
9%
1962 - 1963MilitaryKamuran Görgün
9%
1958 - 1960DPKemal Aygün
9%
1928 - 1938CHPMuhittin Üstündağ
9%
1963 - 1963MilitaryNecdet Uğur
9%
1960 - 1962MilitaryRefik Tulga
9%
1960 - 1960MilitaryRefik Tulga
9%
1960 - 1960MilitaryŞefik Erensü
9%
1980 - 1981Militaryİsmail Hakkı Akansel
0%

Score Distribution

Percentile by Number Answered

Percent of People with Each Score

Your Score History

You have not taken this quiz